<?xml version="1.0" encoding="UTF-8"?>
<marc:record xmlns:marc="http://www.loc.gov/MARC21/slim">
   <marc:leader>00000nam a2200000 a 4500</marc:leader>
   <marc:datafield ind1="1" ind2=" " tag="100">
      <marc:subfield code="a">Lucas, Marie</marc:subfield>
      <marc:subfield code="4">aut</marc:subfield>
      <marc:subfield code="e">Verfasser/-in</marc:subfield>
   </marc:datafield>
   <marc:datafield ind1=" " ind2=" " tag="653">
      <marc:subfield code="a">Beerdigung</marc:subfield>
   </marc:datafield>
   <marc:datafield ind1=" " ind2=" " tag="653">
      <marc:subfield code="a">Beerdigungsinstitut</marc:subfield>
   </marc:datafield>
   <marc:datafield ind1=" " ind2=" " tag="653">
      <marc:subfield code="a">Dreiecksliebesgeschichte</marc:subfield>
   </marc:datafield>
   <marc:datafield ind1=" " ind2=" " tag="653">
      <marc:subfield code="a">Geist</marc:subfield>
   </marc:datafield>
   <marc:datafield ind1=" " ind2=" " tag="653">
      <marc:subfield code="a">Jenseits</marc:subfield>
   </marc:datafield>
   <marc:datafield ind1=" " ind2=" " tag="653">
      <marc:subfield code="a">Liebe</marc:subfield>
   </marc:datafield>
   <marc:datafield ind1=" " ind2=" " tag="653">
      <marc:subfield code="a">Tod</marc:subfield>
   </marc:datafield>
   <marc:datafield ind1=" " ind2=" " tag="653">
      <marc:subfield code="a">Jugendbücher ab 12 Jahre</marc:subfield>
   </marc:datafield>
   <marc:datafield ind1="0" ind2="0" tag="245">
      <marc:subfield code="a">Zwischen Ewig und Jetzt</marc:subfield>
   </marc:datafield>
   <marc:datafield ind1="0" ind2="0" tag="245">
      <marc:subfield code="b">Roman</marc:subfield>
   </marc:datafield>
   <marc:datafield ind1="0" ind2="0" tag="245">
      <marc:subfield code="c">Marie Lucas</marc:subfield>
   </marc:datafield>
   <marc:datafield ind1=" " ind2="1" tag="264">
      <marc:subfield code="a">Frankfurt, M.</marc:subfield>
      <marc:subfield code="b">Fischer FJB</marc:subfield>
      <marc:subfield code="c">2014</marc:subfield>
   </marc:datafield>
   <marc:datafield ind1="1" ind2=" " tag="520">
      <marc:subfield code="a">Angaben aus der Verlagsmeldung

Zwischen Ewig und Jetzt : Roman / von Marie Lucas

Wenn das Jenseits dir noch was zu sagen hat …

„Ich habe ihn gesehen und mich sofort in ihn verliebt. Und im nächsten Augenblick war es schon wieder vorbei. Trennung, Schmerz, das volle Programm.

Liebe auf den ersten Blick kennt jeder, oder fast jeder. Aber es gibt auch die Trennung auf den zweiten Blick. Von jemandem, den man sich einfach nicht erlauben darf. Weil er zu schön ist, zu allein, oder weil er ein Geheimnis hat.“

Aber Julia kann nicht aufhören an Nikolaos zu denken, den sie gleich am ersten Tag an der neuen Schule kennengelernt hat. Und tatsächlich hat er ein gefährliches Geheimnis – er kann mit Toten sprechen …

Eine wunderschöne Liebesgeschichte, die Gänsehaut macht – weil die Wahrheit stärker ist als der Tod.

Die sechzehnjährige Julia möchte ihr altes Leben am liebsten vergessen. Deshalb spielt sie an der neuen Schule die wohlhabende, unbeschwerte Neue und sucht nach Freunden, die möglichst keine Fragen stellen. Da kommt ihr der gutaussehende, beliebte Felix gerade recht. Schon bald ist sie seine Freundin und damit Teil der angesagtesten Clique der Schule.

Aber sie kann nicht aufhören an Nikolaos zu denken, den sie gleich am ersten Tag kennengelernt hat. Von Anfang an strahlt er etwas Dunkles, Geheimnisvolles aus. Ihre neuen Freunde meiden ihn, weichen Julias Fragen nach ihm aus.

Eines Tages spricht Niki Julia an. Er hat eine Nachricht für sie, von ihrem Großvater. Aber Julias Großvater ist tot …
</marc:subfield>
   </marc:datafield>
   <marc:datafield ind1=" " ind2=" " tag="020">
      <marc:subfield code="a">9783596195015</marc:subfield>
      <marc:subfield code="9">9783596195015</marc:subfield>
   </marc:datafield>
   <marc:datafield ind1=" " ind2=" " tag="020">
      <marc:subfield code="a">3596195012</marc:subfield>
      <marc:subfield code="9">3596195012</marc:subfield>
   </marc:datafield>
   <marc:datafield ind1=" " ind2=" " tag="041">
      <marc:subfield code="a">ger</marc:subfield>
   </marc:datafield>
   <marc:datafield ind1=" " ind2=" " tag="300">
      <marc:subfield code="a">462 S.</marc:subfield>
   </marc:datafield>
</marc:record>
